[Event "Mittelrhein Regionalliga 18/19"]
[Site "Nordrheinwestfalen"]
[Date "2019.05.05"]
[Round "10.4"]
[White "Minyeyevtsev, Semen"]
[Black "Goldenstein, Arnd"]
[Result "1-0"]
[WhiteElo "2118"]
[BlackElo "1896"]
[PlyCount "51"]
[EventDate "2018.10.28"]
[EventType "team-tourn"]
[EventRounds "11"]
[EventCountry "GER"]
[SourceTitle "EXT 2022"]
[Source "ChessBase"]
[SourceDate "2021.10.06"]
[SourceVersion "1"]
[SourceVersionDate "2021.10.06"]
[SourceQuality "1"]
[WhiteTeam "Alsdorf SVG"]
[BlackTeam "Koeln SF II"]
[WhiteTeamCountry "GER"]
[BlackTeamCountry "GER"]

1. e4 e5 2. Nc3 Nf6 3. g3 Nc6 4. Bg2 Bb4 5. Nge2 0-0 6. 0-0 d6 7. a3 Bc5 8. b4 Bb6 9. Na4 Bd7 10. Nxb6 axb6 11. Bb2 Re8 12. Re1 Qc8 13. c4 Bh3 14. Bh1 Qg4 15. f3 Qg5 16. Qc2 Nh5 17. Rad1 Re6 18. Bc1 Rg6 19. d4 Qf6 20. d5 Nd4 21. Nxd4 exd4 22. Qf2 Qh4 23. g4 Rxg4+ 24. fxg4 Qxg4+ 25. Bg2 Re8 26. Qf3 1-0

[Event "Mittelrhein Regionalliga 18/19"]
[Site "Nordrheinwestfalen"]
[Date "2019.03.10"]
[Round "8.4"]
[White "Minyeyevtsev, Semen"]
[Black "Andok, Claus Michael"]
[Result "1-0"]
[WhiteElo "2114"]
[BlackElo "2035"]
[PlyCount "73"]
[EventDate "2018.10.28"]
[EventType "team-tourn"]
[EventRounds "11"]
[EventCountry "GER"]
[SourceTitle "EXT 2022"]
[Source "ChessBase"]
[SourceDate "2021.10.06"]
[SourceVersion "1"]
[SourceVersionDate "2021.10.06"]
[SourceQuality "1"]
[WhiteTeam "Alsdorf SVG"]
[BlackTeam "Aachen DJK Aufwärts III"]
[WhiteTeamCountry "GER"]
[BlackTeamCountry "GER"]

1. e4 c6 2. d4 d5 3. Nc3 g6 4. Nf3 Bg7 5. h3 Nh6 6. Bf4 dxe4 7. Nxe4 Qa5+ 8. Bd2 Qb6 9. Bc3 0-0 10. Qd2 Nf5 11. Bc4 a5 12. Rd1 Nd6 13. Nxd6 exd6 14. 0-0 d5 15. Bd3 Qc7 16. Rfe1 b5 17. a3 Nd7 18. Re7 Bf6 19. Re2 Bb7 20. Rde1 Rfd8 21. h4 Nf8 22. h5 Bc8 23. hxg6 fxg6 24. Ne5 Bg7 25. Bxa5 Rxa5 26. Nxc6 Qxc6 27. Qxa5 Qd6 28. c3 Ne6 29. Rxe6 Bxe6 30. Rxe6 Qxe6 31. Qxd8+ Bf8 32. Bxb5 h5 33. a4 Qe1+ 34. Bf1 Qe4 35. a5 h4 36. a6 h3 37. gxh3 1-0

[Event "Mittelrhein Regionalliga 18/19"]
[Site "Nordrheinwestfalen"]
[Date "2018.09.30"]
[Round "2.7"]
[White "Minyeyevtsev, Semen"]
[Black "Hoehn, Jan"]
[Result "1-0"]
[WhiteElo "2114"]
[BlackElo "1997"]
[PlyCount "69"]
[EventDate "2018.10.28"]
[EventType "team-tourn"]
[EventRounds "11"]
[EventCountry "GER"]
[SourceTitle "EXT 2022"]
[Source "ChessBase"]
[SourceDate "2021.10.06"]
[SourceVersion "1"]
[SourceVersionDate "2021.10.06"]
[SourceQuality "1"]
[WhiteTeam "Alsdorf SVG"]
[BlackTeam "Bruehl"]
[WhiteTeamCountry "GER"]
[BlackTeamCountry "GER"]

1. e4 c5 2. Nf3 e6 3. d4 cxd4 4. Nxd4 a6 5. Bd3 Qc7 6. 0-0 Ne7 7. Kh1 Nec6 8. Nb3 b5 9. f4 Bb7 10. Be3 d6 11. a4 b4 12. N1d2 Nd7 13. Nc4 d5 14. exd5 exd5 15. Ncd2 Bd6 16. Nf3 0-0 17. Nfd4 Rfe8 18. Qf3 Nf6 19. Rae1 Ne4 20. Nf5 Bf8 21. Ng3 Qe7 22. Bc5 Qf6 23. Nxe4 dxe4 24. Bxe4 Rxe4 25. Qxe4 Na5 26. Qe5 Qc6 27. Rf2 Nc4 28. Qd4 Bxc5 29. Nxc5 Nd6 30. Nxb7 Nxb7 31. Qxb4 Rd8 32. h3 Nc5 33. b3 a5 34. Qxa5 Nb7 35. Qb5 1-0

[Event "Mittelrhein Regionalliga 18/19"]
[Site "Nordrheinwestfalen"]
[Date "2018.09.02"]
[Round "1.6"]
[White "Minyeyevtsev, Semen"]
[Black "Albrecht, Oliver"]
[Result "1-0"]
[WhiteElo "2114"]
[BlackElo "2080"]
[PlyCount "153"]
[EventDate "2018.10.28"]
[EventType "team-tourn"]
[EventRounds "11"]
[EventCountry "GER"]
[SourceTitle "EXT 2022"]
[Source "ChessBase"]
[SourceDate "2021.10.06"]
[SourceVersion "1"]
[SourceVersionDate "2021.10.06"]
[SourceQuality "1"]
[WhiteTeam "Alsdorf SVG"]
[BlackTeam "Bonn Beuel"]
[WhiteTeamCountry "GER"]
[BlackTeamCountry "GER"]

1. e4 e5 2. Nc3 Nf6 3. g3 d5 4. exd5 Nxd5 5. Bg2 Nxc3 6. bxc3 Bd6 7. Ne2 0-0 8. 0-0 c6 9. d3 Bg4 10. h3 Bh5 11. Rb1 Qc7 12. g4 Bg6 13. Ng3 Nd7 14. Qf3 Rac8 15. h4 f6 16. h5 Bf7 17. c4 Be6 18. Nf5 b6 19. Re1 c5 20. a4 a5 21. Bd2 Rf7 22. Rb2 Bf8 23. Ne3 Kh8 24. Reb1 Qd6 25. Nd5 Bxd5 26. Qxd5 Qxd5 27. Bxd5 Re7 28. Be4 Rc7 29. Bf5 h6 30. f3 Kg8 31. Bxd7 Rexd7 32. Rxb6 f5 33. gxf5 Rf7 34. f6 gxf6 35. Bxa5 Ra7 36. R1b5 Rg7+ 37. Kf2 Rg5 38. Rxf6 Rxh5 39. Rb8 Rxa5 40. Rbxf8+ Kg7 41. R8f7+ Kg8 42. Rf8+ Kg7 43. R8f7+ Kg8 44. Rf8+ Kg7 45. R8f7+ Kg8 46. Rc7 Rxa4 47. Rb6 Ra8 48. Rxc5 Rf8 49. Rcc6 Rh2+ 50. Kg3 Rxc2 51. Rxh6 Rd2 52. Rbg6+ Kf7 53. Rf6+ Ke7 54. Rxf8 Kxf8 55. Rd6 Ke7 56. Rd5 Ke6 57. f4 exf4+ 58. Kxf4 Re2 59. Rh5 Kd6 60. Rd5+ Ke6 61. Rd4 Rh2 62. Ke3 Ke5 63. Re4+ Kd6 64. Kd4 Rh3 65. Rg4 Rh6 66. c5+ Kc6 67. Kc4 Rh5 68. Rg6+ Kc7 69. Kb5 Rh7 70. d4 Rd7 71. Kc4 Rh7 72. d5 Rf7 73. Kb5 Rh7 74. d6+ Kc8 75. c6 Rh8 76. Kb6 Rf8 77. Rg7 1-0

[Event "BEL-chT 1314"]
[Site "Belgium"]
[Date "2014.02.23"]
[Round "10.4"]
[White "Minyeyevtsev, Semen"]
[Black "Lombaers, Peter"]
[Result "0-1"]
[WhiteElo "2203"]
[BlackElo "2258"]
[PlyCount "86"]
[EventDate "2013.09.22"]
[EventType "team-tourn"]
[EventRounds "11"]
[EventCountry "BEL"]
[SourceTitle "EXT 2015"]
[Source "ChessBase"]
[SourceDate "2014.11.20"]
[SourceVersion "1"]
[SourceVersionDate "2014.11.20"]
[SourceQuality "1"]
[WhiteTeam "Deurne"]
[BlackTeam "Borgerhout"]
[WhiteTeamCountry "BEL"]
[BlackTeamCountry "BEL"]

1. e4 e5 2. Nf3 Nc6 3. Nc3 Nf6 4. a3 Bc5 5. Nxe5 Nxe5 6. d4 Bd6 7. dxe5 Bxe5 8. Nb5 c6 9. f4 Bb8 10. Nc3 Qe7 11. Bd3 0-0 12. 0-0 d5 13. exd5 Ng4 14. Qf3 a6 15. g3 Ba7+ 16. Kg2 cxd5 17. Nxd5 Qd6 18. Ne3 Bxe3 19. Bxe3 b5 20. Kg1 Qh6 21. h4 Nxe3 22. Qxe3 Bb7 23. Be2 Qg6 24. f5 Qf6 25. Qc3 Qxc3 26. bxc3 Rac8 27. c4 Rfe8 28. Kf2 bxc4 29. Rab1 Be4 30. Rb4 Bxc2 31. f6 Rxe2+ 32. Kxe2 Bd3+ 33. Ke1 Bxf1 34. Kxf1 gxf6 35. Ke1 Rc6 36. Kd2 c3+ 37. Kc2 Kg7 38. Rb3 Kg6 39. Rxc3 Rxc3+ 40. Kxc3 Kf5 41. Kb4 Kg4 42. Ka5 Kxg3 43. Kxa6 f5 0-1

[Event "BEL-chT 1314"]
[Site "Belgium"]
[Date "2014.02.09"]
[Round "9.3"]
[White "Minyeyevtsev, Semen"]
[Black "Burg, Twan"]
[Result "0-1"]
[WhiteElo "2203"]
[BlackElo "2490"]
[PlyCount "54"]
[EventDate "2013.09.22"]
[EventType "team-tourn"]
[EventRounds "11"]
[EventCountry "BEL"]
[SourceTitle "EXT 2015"]
[Source "ChessBase"]
[SourceDate "2014.11.20"]
[SourceVersion "1"]
[SourceVersionDate "2014.11.20"]
[SourceQuality "1"]
[WhiteTeam "Deurne"]
[BlackTeam "Amay"]
[WhiteTeamCountry "BEL"]
[BlackTeamCountry "BEL"]

1. e4 c5 2. Nf3 d6 3. d4 cxd4 4. Nxd4 Nf6 5. Nc3 a6 6. Be3 Nbd7 7. f3 e6 8. g4 h6 9. Qd2 b5 10. h4 b4 11. Nce2 d5 12. exd5 Nxd5 13. Bf2 Bb7 14. Bg2 Be7 15. f4 N7b6 16. g5 hxg5 17. hxg5 Rxh1+ 18. Bxh1 g6 19. Qd3 Bd6 20. Qh3 Qd7 21. Qh8+ Bf8 22. 0-0-0 0-0-0 23. Nb3 Bd6 24. Qh4 Qc7 25. Kb1 Nc4 26. Bxd5 Bxd5 27. Bd4 Be4 0-1

[Event "BEL-chT 1314"]
[Site "Belgium"]
[Date "2013.11.17"]
[Round "4.4"]
[White "Minyeyevtsev, Semen"]
[Black "Koch, Thomas"]
[Result "1/2-1/2"]
[WhiteElo "2203"]
[BlackElo "2437"]
[PlyCount "80"]
[EventDate "2013.09.22"]
[EventType "team-tourn"]
[EventRounds "11"]
[EventCountry "BEL"]
[SourceTitle "EXT 2015"]
[Source "ChessBase"]
[SourceDate "2014.11.20"]
[SourceVersion "1"]
[SourceVersionDate "2014.11.20"]
[SourceQuality "1"]
[WhiteTeam "Deurne"]
[BlackTeam "Eynatten"]
[WhiteTeamCountry "BEL"]
[BlackTeamCountry "BEL"]

1. e4 c5 2. Nf3 d6 3. d4 cxd4 4. Nxd4 Nf6 5. Nc3 a6 6. Be3 Ng4 7. Bg5 h6 8. Bh4 g5 9. Bg3 Bg7 10. Be2 Ne5 11. Qd2 Nbc6 12. Nb3 Ng6 13. 0-0-0 a5 14. Bb5 Bd7 15. Kb1 Nce5 16. Nd4 Bxb5 17. Ndxb5 a4 18. Nd5 0-0 19. Qe2 Rc8 20. Rd4 Rc5 21. Rxa4 Qd7 22. Rb4 e6 23. Ndc3 d5 24. Rd1 Nc6 25. Rb3 Ra8 26. exd5 exd5 27. Bd6 Nd4 28. Nxd4 Qxd6 29. Nf5 Qc6 30. Nxg7 Kxg7 31. Qd3 Rc8 32. g3 Kg8 33. Rb5 Ne7 34. Rxc5 Qxc5 35. Qd4 Qc6 36. a3 Qg6 37. Qd3 Qb6 38. Qd4 Qg6 39. Qd3 Qb6 40. Qd4 Qg6 1/2-1/2

[Event "Brasschaat op 06th"]
[Site "Brasschaat"]
[Date "2006.08.25"]
[Round "7"]
[White "Minyeyevtsev, Semen"]
[Black "Schuermans, Robert"]
[Result "1-0"]
[WhiteElo "2209"]
[BlackElo "2251"]
[PlyCount "83"]
[EventDate "2006.08.19"]
[EventType "swiss"]
[EventRounds "9"]
[EventCountry "BEL"]
[SourceTitle "CBM 113 Extra"]
[Source "ChessBase"]
[SourceDate "2006.09.14"]
[SourceVersion "1"]
[SourceVersionDate "2006.09.14"]
[SourceQuality "1"]

1. e4 e5 2. Nf3 Nc6 3. Bc4 Nf6 4. d3 Bc5 5. 0-0 d6 6. h3 a6 7. c3 Ba7 8. Bb3 0-0 9. Re1 h6 10. Nbd2 Be6 11. Nf1 Qd7 12. Be3 Bxb3 13. Qxb3 Bxe3 14. Nxe3 Ne7 15. Rad1 Qb5 16. Qc2 c5 17. Nh4 g6 18. Qe2 Kg7 19. Nc4 Rfd8 20. Rf1 Nh5 21. g3 Qc6 22. Kh2 Qc7 23. Ne3 d5 24. Qf3 d4 25. cxd4 cxd4 26. Rc1 Qb6 27. Nc4 Qe6 28. Qg4 Qf6 29. f4 exf4 30. gxf4 Nc6 31. e5 Qe6 32. f5 Qe8 33. Rce1 Rd5 34. fxg6 fxg6 35. Nf5+ Kh8 36. Nxh6 Rd7 37. Nd6 Qe7 38. Qxg6 Nxe5 39. Qxh5 Qxd6 40. Rxe5 Rh7 41. Nf7+ Kg7 42. Qxh7+ 1-0

[Event "Brasschaat op 06th"]
[Site "Brasschaat"]
[Date "2006.08.24"]
[Round "6"]
[White "Minyeyevtsev, Semen"]
[Black "Duhayon, Yves"]
[Result "1/2-1/2"]
[WhiteElo "2209"]
[BlackElo "2263"]
[PlyCount "29"]
[EventDate "2006.08.19"]
[EventType "swiss"]
[EventRounds "9"]
[EventCountry "BEL"]
[SourceTitle "CBM 113 Extra"]
[Source "ChessBase"]
[SourceDate "2006.09.14"]
[SourceVersion "1"]
[SourceVersionDate "2006.09.14"]
[SourceQuality "1"]

1. e4 e6 2. d4 d5 3. Nc3 Bb4 4. e5 Qd7 5. f4 b6 6. Nf3 Ne7 7. Bd2 Ba6 8. Bxa6 Nxa6 9. Qe2 Bxc3 10. Bxc3 Nb8 11. 0-0 c5 12. b3 Nbc6 13. Rfd1 0-0 14. Bb2 cxd4 15. Nxd4 1/2-1/2

[Event "BEL-chT 0506"]
[Site "Belgium"]
[Date "2005.11.06"]
[Round "3"]
[White "Klinova, Masha"]
[Black "Minyeyevtsev, Semen"]
[Result "1-0"]
[WhiteElo "2361"]
[BlackElo "2159"]
[PlyCount "97"]
[EventDate "2005.10.09"]
[EventType "team-tourn"]
[EventRounds "11"]
[EventCountry "BEL"]
[SourceTitle "EXT 2006"]
[Source "ChessBase"]
[SourceDate "2005.11.24"]
[SourceVersion "1"]
[SourceVersionDate "2005.11.24"]
[SourceQuality "1"]
[WhiteTeam "KSK47 Eynatten"]
[BlackTeam "Deurne"]
[WhiteTeamCountry "BEL"]
[BlackTeamCountry "BEL"]

1. e4 e5 2. Nf3 Nc6 3. Bc4 Nf6 4. d3 Be7 5. Nbd2 d6 6. c3 Na5 7. Bb5+ c6 8. Ba4 b5 9. Bc2 Qc7 10. b4 Nb7 11. 0-0 0-0 12. d4 Re8 13. Bb2 Bf8 14. Re1 Bg4 15. h3 Bh5 16. a3 Nd8 17. c4 Nd7 18. cxb5 cxb5 19. Bd3 Qb7 20. d5 f5 21. exf5 Bf7 22. Ng5 Bxd5 23. Be4 Nf6 24. Bxd5+ Qxd5 25. Nde4 Qxd1 26. Rexd1 Nxe4 27. Nxe4 Nf7 28. Nc3 Reb8 29. Nd5 a5 30. Bc3 Nd8 31. Rac1 Nc6 32. Kf1 axb4 33. Bxb4 Nd4 34. g4 Rc8 35. Nb6 Rxc1 36. Rxc1 Ra6 37. Nd5 Rc6 38. Rxc6 Nxc6 39. Ke2 Kf7 40. Kd3 g6 41. Ke4 gxf5+ 42. gxf5 h6 43. Nc7 Nd4 44. f4 Nc2 45. fxe5 Nxa3 46. Bxa3 d5+ 47. Kxd5 Bxa3 48. Nxb5 Bb4 49. Nd6+ 1-0

[Event "Brasschaat op 05th"]
[Site "Brasschaat"]
[Date "2005.08.26"]
[Round "7"]
[White "Sadkowsky, Daniel"]
[Black "Minyeyevtsev, Semen"]
[Result "1-0"]
[WhiteElo "2356"]
[BlackElo "2183"]
[PlyCount "45"]
[EventDate "2005.08.20"]
[EventType "swiss"]
[EventRounds "9"]
[EventCountry "BEL"]
[SourceTitle "CBM 108 Extra"]
[Source "ChessBase"]
[SourceDate "2005.11.04"]
[SourceVersion "1"]
[SourceVersionDate "2005.11.04"]
[SourceQuality "1"]

1. d4 d5 2. Nf3 Nf6 3. c4 c6 4. Nc3 e6 5. Bg5 h6 6. Bh4 dxc4 7. e4 g5 8. Bg3 b5 9. Be2 Bb7 10. h4 g4 11. Ne5 b4 12. Na4 Nxe4 13. Bxc4 Nxg3 14. fxg3 h5 15. 0-0 Rh7 16. Qd3 Rg7 17. Nxf7 Rxf7 18. Rxf7 Kxf7 19. Rf1+ Ke8 20. Qg6+ Kd7 21. Rf7+ Be7 22. Qxe6+ Ke8 23. Rf8+ 1-0

[Event "Brasschaat op 04th"]
[Site "Brasschaat"]
[Date "2004.08.26"]
[Round "6"]
[White "Fogel, Pierre"]
[Black "Minyeyevtsev, Semen"]
[Result "1-0"]
[WhiteElo "2087"]
[BlackElo "2162"]
[PlyCount "89"]
[EventDate "2004.08.21"]
[EventType "swiss"]
[EventRounds "9"]
[EventCountry "BEL"]
[SourceTitle "EXT 2017"]
[Source "ChessBase"]
[SourceDate "2016.10.25"]
[SourceVersion "1"]
[SourceVersionDate "2016.10.25"]
[SourceQuality "1"]

1. e4 e5 2. Bc4 Nf6 3. d3 Nc6 4. Nc3 Bb4 5. Bd2 0-0 6. Nf3 d6 7. a3 Bxc3 8. Bxc3 Be6 9. Bxe6 fxe6 10. Ng5 Qe8 11. Qe2 Qg6 12. Nxe6 Rf7 13. f4 Nxe4 14. dxe4 Qxe6 15. f5 Qh6 16. 0-0 Raf8 17. Rad1 g6 18. Rd3 gxf5 19. Rg3+ Kh8 20. exf5 Rxf5 21. Rxf5 Rxf5 22. Bd2 Qf6 23. h3 Ne7 24. Qg4 Ng6 25. Bg5 Rf1+ 26. Kh2 Qf7 27. Qa4 Qf5 28. Qe8+ Qf8 29. Qd7 Rf7 30. Qe6 Nf4 31. Qc4 d5 32. Qc3 d4 33. Bxf4 Rxf4 34. Qxc7 Rf5 35. Qxb7 a5 36. Qd5 h5 37. Qxa5 Qf7 38. Qd8+ Kh7 39. Qh4 Rf4 40. Qg5 h4 41. Rg4 Rxg4 42. Qxg4 Qe7 43. Qe4+ Kg8 44. b4 Qe8 45. Qg4+ 1-0

[Event "Brasschaat op 04th"]
[Site "Brasschaat"]
[Date "2004.08.24"]
[Round "4"]
[White "Van den Brande, Werner"]
[Black "Minyeyevtsev, Semen"]
[Result "1/2-1/2"]
[WhiteElo "2244"]
[BlackElo "2162"]
[PlyCount "80"]
[EventDate "2004.08.21"]
[EventType "swiss"]
[EventRounds "9"]
[EventCountry "BEL"]
[SourceTitle "EXT 2017"]
[Source "ChessBase"]
[SourceDate "2016.10.25"]
[SourceVersion "1"]
[SourceVersionDate "2016.10.25"]
[SourceQuality "1"]

1. e4 e5 2. Nf3 Nc6 3. d4 exd4 4. Nxd4 Bc5 5. Be3 Qf6 6. c3 Nge7 7. Bc4 Ne5 8. Be2 Qg6 9. 0-0 d6 10. f3 0-0 11. Kh1 d5 12. Nd2 Re8 13. Bf4 Bxd4 14. cxd4 N5c6 15. Be3 f5 16. f4 Qf7 17. e5 Nd8 18. Rc1 Ne6 19. Nf3 h6 20. Nh4 c6 21. Bd3 Nf8 22. Be2 Rd8 23. Bh5 g6 24. Be2 Ne6 25. Bd3 Kg7 26. Qd2 Rg8 27. Nf3 Kh8 28. b4 a6 29. Rc3 b5 30. Nh4 Bd7 31. h3 Nc8 32. g4 Ng7 33. gxf5 Nxf5 34. Nxf5 gxf5 35. Bf2 Ne7 36. Bh4 Kh7 37. e6 Bxe6 38. Bxe7 Qxe7 39. Rxc6 Rg3 40. Qe2 Qg7 1/2-1/2

[Event "Brasschaat op 04th"]
[Site "Brasschaat"]
[Date "2004.08.23"]
[Round "3"]
[White "Minyeyevtsev, Semen"]
[Black "Aleksandrov, Leonid"]
[Result "1-0"]
[WhiteElo "2162"]
[BlackElo "1892"]
[PlyCount "133"]
[EventDate "2004.08.21"]
[EventType "swiss"]
[EventRounds "9"]
[EventCountry "BEL"]
[SourceTitle "EXT 2017"]
[Source "ChessBase"]
[SourceDate "2016.10.25"]
[SourceVersion "1"]
[SourceVersionDate "2016.10.25"]
[SourceQuality "1"]

1. e4 c5 2. Nf3 Nc6 3. d4 cxd4 4. Nxd4 g6 5. Nc3 Bg7 6. Nb3 d6 7. Be2 a6 8. 0-0 Nh6 9. Be3 0-0 10. Nd5 f5 11. Bb6 Qd7 12. Bc4 e6 13. Nc7 Qe7 14. Nxa8 Bxb2 15. Rb1 Bg7 16. exf5 Nxf5 17. Re1 Ne5 18. Bf1 Nd7 19. Ba5 Be5 20. h3 Qh4 21. Qg4 Qf6 22. Nb6 Nh6 23. Qe2 Qh4 24. Nxc8 Rxc8 25. Qe4 Qf6 26. f4 Qxf4 27. Qxf4 Bxf4 28. Bd3 Be5 29. Bd2 Nf7 30. Be3 Bf6 31. Nd4 Nc5 32. Bf2 e5 33. Nf3 b5 34. Bxc5 Rxc5 35. a4 bxa4 36. Rb8+ Kg7 37. Ra8 d5 38. Bxa6 Rxc2 39. Bb7 Rc5 40. Rxa4 d4 41. Be4 Nd6 42. Ra7+ Kh6 43. Ra6 Be7 44. Bd3 Nc8 45. Nxe5 Bh4 46. Re4 Rc1+ 47. Bf1 Bg3 48. Rc6 Rxc6 49. Nxc6 Nd6 50. Rxd4 Nf5 51. Rd7 Ne3 52. Ne7 Kg5 53. Rd3 Nxf1 54. Kxf1 Bb8 55. Nc6 Bc7 56. Rd7 Bb6 57. Rxh7 Kf4 58. Rh4+ Kf5 59. Rg4 g5 60. Ne7+ Ke6 61. Nc8 Bd8 62. Ke2 Bf6 63. Kf3 Kf5 64. Nd6+ Kg6 65. Ne4 Bd8 66. Nxg5 Bxg5 67. h4 1-0

[Event "BEL-ch opB"]
[Site "Westerlo"]
[Date "2004.07.??"]
[Round "9"]
[White "Minyeyevtsev, Semen"]
[Black "Munster, Pierre"]
[Result "1-0"]
[WhiteElo "2203"]
[BlackElo "2118"]
[PlyCount "49"]
[EventDate "2004.07.??"]
[EventType "swiss"]
[EventRounds "9"]
[EventCountry "BEL"]
[SourceTitle "EXT 2005"]
[Source "ChessBase"]
[SourceDate "2004.11.15"]
[SourceVersion "1"]
[SourceVersionDate "2004.11.15"]
[SourceQuality "1"]

1. e4 d5 2. exd5 Qxd5 3. Nc3 Qa5 4. d4 c6 5. Nf3 Nf6 6. Bc4 Bf5 7. Bd2 e6 8. Nd5 Qd8 9. Nxf6+ gxf6 10. Bb3 Nd7 11. Qe2 Be7 12. 0-0-0 Qc7 13. Nh4 Bg6 14. g4 0-0-0 15. f4 f5 16. Nxf5 exf5 17. gxf5 Bf6 18. fxg6 fxg6 19. c3 Rhe8 20. Qg4 Be7 21. f5 Nf6 22. Qh3 gxf5 23. Qxf5+ Kb8 24. Rde1 Rf8 25. Bh6 1-0

[Event "BEL-ch opB"]
[Site "Westerlo"]
[Date "2004.07.??"]
[Round "1"]
[White "Minyeyevtsev, Semen"]
[Black "Schaevers, Hendrik"]
[Result "1-0"]
[WhiteElo "2203"]
[BlackElo "1687"]
[PlyCount "57"]
[EventDate "2004.07.??"]
[EventType "swiss"]
[EventRounds "9"]
[EventCountry "BEL"]
[SourceTitle "EXT 2005"]
[Source "ChessBase"]
[SourceDate "2004.11.15"]
[SourceVersion "1"]
[SourceVersionDate "2004.11.15"]
[SourceQuality "1"]

1. e4 e5 2. Nf3 Nc6 3. Bb5 a6 4. Ba4 Nf6 5. 0-0 b5 6. Bb3 Be7 7. Re1 d6 8. c3 0-0 9. h3 Bb7 10. d4 h6 11. Nbd2 Re8 12. Nf1 Bf8 13. Ng3 g6 14. a4 b4 15. d5 Na5 16. Ba2 Bc8 17. cxb4 Nb7 18. Be3 a5 19. bxa5 Nxa5 20. b4 Nb7 21. a5 Qd7 22. Bb3 Qe7 23. Qc1 Nd8 24. Bxh6 Bxh6 25. Qxh6 Nh7 26. Rec1 Bb7 27. Ba4 Rf8 28. Rc3 Rc8 29. Rac1 1-0

[Event "BEL-ch opB"]
[Site "Westerlo"]
[Date "2004.07.??"]
[Round "3"]
[White "Minyeyevtsev, Semen"]
[Black "Todts, Benny"]
[Result "1-0"]
[WhiteElo "2203"]
[BlackElo "2016"]
[PlyCount "51"]
[EventDate "2004.07.??"]
[EventType "swiss"]
[EventRounds "9"]
[EventCountry "BEL"]
[SourceTitle "EXT 2005"]
[Source "ChessBase"]
[SourceDate "2004.11.15"]
[SourceVersion "1"]
[SourceVersionDate "2004.11.15"]
[SourceQuality "1"]

1. e4 e6 2. d4 d5 3. Nc3 Bb4 4. Nge2 dxe4 5. a3 Bxc3+ 6. Nxc3 f5 7. f3 exf3 8. Qxf3 Nf6 9. Bf4 Nc6 10. Bb5 Bd7 11. 0-0-0 a6 12. Bc4 0-0 13. d5 Na5 14. Ba2 Qc8 15. b4 c6 16. dxe6 Bxe6 17. bxa5 Bxa2 18. Nxa2 Ne4 19. Qb3+ Kh8 20. Rhe1 c5 21. Nc3 c4 22. Qb4 Nf6 23. Re7 Qc6 24. Qxb7 Qc5 25. Bd6 Qxa5 26. Bb4 1-0

[Event "BEL-chT2 0304"]
[Site "Belgium"]
[Date "2004.01.25"]
[Round "2"]
[White "Minyeyevtsev, Semen"]
[Black "Tiggelman, Rene"]
[Result "0-1"]
[WhiteElo "2203"]
[BlackElo "2205"]
[PlyCount "46"]
[EventDate "2003.12.01"]
[EventType "team-tourn"]
[EventRounds "11"]
[EventCountry "BEL"]
[SourceTitle "EXT 2005"]
[Source "ChessBase"]
[SourceDate "2004.11.15"]
[SourceVersion "1"]
[SourceVersionDate "2004.11.15"]
[SourceQuality "1"]
[WhiteTeam "Deurne"]
[BlackTeam "Jean Jaures"]
[WhiteTeamCountry "BEL"]
[BlackTeamCountry "BEL"]

1. e4 c6 2. d4 d5 3. Nc3 dxe4 4. Nxe4 Bf5 5. Ng3 Bg6 6. h4 h6 7. Nf3 Nd7 8. h5 Bh7 9. Bd3 Bxd3 10. Qxd3 e6 11. Bd2 Ngf6 12. 0-0-0 Be7 13. Ne4 0-0 14. Nxf6+ Nxf6 15. Ne5 c5 16. dxc5 Qc7 17. Bc3 Qxc5 18. Qf3 Rac8 19. Kb1 Nd5 20. Rh3 Nxc3+ 21. Qxc3 Qxf2 22. Qb3 Qe2 23. Rhh1 Qxe5 0-1

[Event "Brasschaat op 03rd"]
[Site "Brasschaat"]
[Date "2003.08.25"]
[Round "3"]
[White "Jacobs, Paul"]
[Black "Minyeyevtsev, Semen"]
[Result "1/2-1/2"]
[WhiteElo "1775"]
[BlackElo "2143"]
[PlyCount "107"]
[EventDate "2003.08.24"]
[EventType "swiss"]
[EventRounds "9"]
[EventCountry "BEL"]
[SourceTitle "EXT 2017"]
[Source "ChessBase"]
[SourceDate "2016.10.25"]
[SourceVersion "1"]
[SourceVersionDate "2016.10.25"]
[SourceQuality "1"]

1. d4 d5 2. c4 c6 3. cxd5 cxd5 4. Nc3 Nc6 5. e3 Nf6 6. Bd3 e6 7. Nge2 Bd6 8. e4 dxe4 9. Nxe4 Nxe4 10. Bxe4 0-0 11. Be3 f5 12. Bxc6 bxc6 13. Bf4 Bxf4 14. Nxf4 e5 15. Qb3+ Kh8 16. dxe5 Qd4 17. Qe3 Qb4+ 18. Qd2 Qe4+ 19. Qe3 Qb4+ 20. Qd2 Qe4+ 21. Qe3 g5 22. Qxe4 fxe4 23. Ne2 Re8 24. Nc3 Rxe5 25. 0-0 Ba6 26. Rfe1 Rae8 27. Re3 c5 28. Rd1 Rb8 29. b3 c4 30. bxc4 Bxc4 31. f3 Ra5 32. Rxe4 Bxa2 33. Ra1 Ra3 34. Rxa2 Rxc3 35. Rxa7 Rc2 36. h4 gxh4 37. Rxh4 Rbb2 38. Rg4 h6 39. Kh2 Rb6 40. Re4 Rc8 41. Ree7 Rg6 42. g4 Kg8 43. Kg3 h5 44. Kh4 hxg4 45. fxg4 Rh6+ 46. Kg5 Rh1 47. Rg7+ Kh8 48. Rgf7 Rc5+ 49. Rf5 Rxf5+ 50. Kxf5 Rb1 51. g5 Rb6 52. g6 Rb8 53. Rf7 Kg8 54. Rd7 1/2-1/2

[Event "Hengelo U20 op"]
[Site "Hengelo"]
[Date "2003.08.05"]
[Round "2"]
[White "Ris, Robert"]
[Black "Minyeyevtsev, Semen"]
[Result "1/2-1/2"]
[WhiteElo "2205"]
[BlackElo "2200"]
[PlyCount "74"]
[EventDate "2003.08.04"]
[EventType "swiss"]
[EventRounds "9"]
[EventCountry "NED"]
[SourceTitle "EXT 2005"]
[Source "ChessBase"]
[SourceDate "2004.11.15"]
[SourceVersion "1"]
[SourceVersionDate "2004.11.15"]
[SourceQuality "1"]

1. e4 e5 2. Nf3 Nc6 3. Bb5 a6 4. Ba4 Nf6 5. 0-0 Be7 6. Re1 b5 7. Bb3 d6 8. c3 0-0 9. h3 Bb7 10. d4 Re8 11. Nbd2 Bf8 12. a4 h6 13. d5 Nb8 14. c4 bxc4 15. Nxc4 c6 16. dxc6 Bxc6 17. Bc2 Qc7 18. b3 Nbd7 19. Bb2 Nc5 20. Nfd2 Rab8 21. Qe2 Ba8 22. Rad1 Qb7 23. Qf3 Rbd8 24. Bc3 d5 25. exd5 e4 26. Qg3 Nxd5 27. Ba5 Rb8 28. Nxe4 Nxe4 29. Bxe4 Rxe4 30. Rxe4 Nc3 31. Bxc3 Qxe4 32. Bxg7 Rxb3 33. Bc3+ Kh7 34. Nd6 Qc2 35. Ne8 Qxc3 36. Nf6+ Qxf6 37. Qxb3 Qg6 1/2-1/2